000 00534nam a2200181Ia 4500
005 20250923144417.0
008 008 250917s9999 xx 000 0 eng d
037 _aTextual
040 _aDSWL
_beng
_cDSWL
041 _aeng
_2eng
084 _aY1:4:6p73:M74, J01
_qDSWL
245 0 _aNational Conference of Social Work official proceedings social work in the current1950
260 _aNew York
_c1950
300 _a389 p.
365 _aINR
942 _cTEXL
_hY1:4:6p73:M74, J01
999 _c1438505
_d1438505